书目信息 |
| 题名: |
微生物技术及其资源研究与应用
|
|
| 作者: | 于慧瑛 著 | |
| 分册: | ||
| 出版信息: | 北京 新华出版社 2021.8 |
|
| 页数: | 197页 | |
| 开本: | 24cm | |
| 丛书名: | ||
| 单 册: | ||
| 中图分类: | Q93 | |
| 科图分类: | ||
| 主题词: | 微生物--生物工程 | |
| 电子资源: | ||
| ISBN: | 978-7-5166-5486-6 | |
| 000 | 00780nam0 2200229 45 | |
| 001 | 012001002140 | |
| 005 | 20140913130414.0 | |
| 010 | @a978-7-5166-5486-6@dCNY56.00 | |
| 100 | @a20210406d2020 em y0chiy50 ea | |
| 101 | 0 | @achi |
| 102 | @aCN@b110000 | |
| 105 | @aa z 000yy | |
| 106 | @ar | |
| 200 | 1 | @a微生物技术及其资源研究与应用@Awei sheng wu ji shu ji qi zi yuan yan jiu yu ying yong@b专著@f于慧瑛著 |
| 210 | @a北京@c新华出版社@d2021.8 | |
| 215 | @a197页@c图@d24cm | |
| 330 | @a本书分为八章,内容包括:微生物技术概论、微生物生长及其控制技术、微生物代谢机制、微生物遗传变异、微生物生态学、微生物免疫学技术等。 | |
| 606 | 0 | @a微生物@x生物工程 |
| 690 | @aQ93@v5 | |
| 701 | 0 | @a于慧瑛@Ayu hui ying@4著 |
| 801 | 0 | @aCN@bBJSDL@c20211011 |
| 905 | @b1338590-3@dQ93@e121@f4 | |
| 微生物技术及其资源研究与应用/于慧瑛著.-北京:新华出版社,2021.8 |
| 197页:图;24cm |
| ISBN 978-7-5166-5486-6:CNY56.00 |
| 本书分为八章,内容包括:微生物技术概论、微生物生长及其控制技术、微生物代谢机制、微生物遗传变异、微生物生态学、微生物免疫学技术等。 |
| ● |
| 相关链接 |
|
|
|
|
正题名:微生物技术及其资源研究与应用
索取号:Q93/121
 
预约/预借
| 序号 | 登录号 | 条形码 | 馆藏地/架位号 | 状态 | 备注 |
| 1 | 1338590 | 213385905 | 第二样本阅览室/ [索取号:Q93/121] | 在馆 | |
| 2 | 1338591 | 213385914 | 第三借阅区/ [索取号:Q93/121] | 在馆 | |
| 3 | 1338592 | 213385923 | 第三借阅区/ [索取号:Q93/121] | 在馆 | |
| 4 | 1338593 | 213385932 | 第三借阅区/ [索取号:Q93/121] | 在馆 |